[Event "FRA-chT2 0910"]
[Site "France"]
[Date "2010.01.24"]
[Round "7.7"]
[White "Mathis, Jacques"]
[Black "Neuhauser, Salome"]
[Result "0-1"]
[WhiteElo "1817"]
[BlackElo "1988"]
[PlyCount "68"]
[EventDate "2009.09.27"]
[EventType "team-tourn"]
[EventRounds "11"]
[EventCountry "FRA"]
[SourceTitle "EXT 2011"]
[Source "ChessBase"]
[SourceDate "2010.11.26"]
[SourceVersion "1"]
[SourceVersionDate "2010.11.26"]
[SourceQuality "1"]

1. e4 c5 2. Nc3 Nc6 3. g3 g6 4. Bg2 Bg7 5. d3 d6 6. Be3 e6 7. Qd2 Rb8 8. Nge2 Nge7 9. f4 0-0 10. 0-0 Nd4 11. Nd1 b6 12. c3 Nxe2+ 13. Qxe2 d5 14. Nf2 d4 15. Bd2 dxc3 16. Bxc3 Bd4 17. Kh1 e5 18. Nh3 Nc6 19. Rad1 Rb7 20. Nf2 Rd7 21. Bh3 Rd6 22. Bxc8 Qxc8 23. Ng4 Qe6 24. fxe5 Nxe5 25. Nxe5 Qxe5 26. Bxd4 Rxd4 27. Rd2 Rfd8 28. Qf3 Qe6 29. b3 Rxe4 30. dxe4 Rxd2 31. e5 Rxa2 32. Qf6 Qd5+ 33. Qf3 Qxf3+ 34. Rxf3 Re2 0-1